| 000 | 00450nam a22001337a 4500 | ||
|---|---|---|---|
| 082 |
_a981.421 _bNIZ |
||
| 100 | _aMuhammad Zain ul Abideen Nizami | ||
| 245 |
_aMajmooaa tauheedi (Khawaja Muhammad Sharif Chishti Nizami day kalam da intikhab) _cMuhammad Zain ul Abideen Nizami |
||
| 260 |
_aDeepalpur: _bKhawaja Muhammad Akram Library; _c2023. |
||
| 300 | _a217p. | ||
| 563 | _aHB | ||
| 650 |
_aPunjani naat _akaafian _9118524 |
||
| 942 |
_2ddc _cBK |
||
| 999 |
_c606749 _d606749 |
||